XTENDED (TRACKLIST , EASY) - Statystyki

Ogólne statystyki
  • Ten quiz został rozwiązany 7 razy
  • Średni wynik to 14 z 25
Statystyki odpowiedzi
# Song name % Poprawnych
13 Freestyle 1
100%
14 Freestyle 2
100%
21 Freestyle 3
83%
1 Intro
83%
6 MDMA
83%
8 PDBMH
83%
23 Shoot
83%
20 The End
83%
7 X
83%
3 Gems
67%
25 Lookbook
67%
16 Murda Musik
67%
2 New
67%
17 Deliquent
50%
22 Fashion Habits
50%
15 Fuk 12
50%
5 Go
50%
11 Going Schitz
33%
4 Nobody
33%
10 South Beach
33%
24 Swag Overload
33%
19 Turn Up
33%
9 Money Hunt
17%
18 Get Rich Or Die
0%
12 Same Thing
0%
Nie znaleziono quizów pasujących do podanych kryteriów
Rozkład punktacji
Procent ludzi z każdym wynikiem
Percentyl według liczby udzielonych odpowiedzi
Twoja historia wyników
Nie rozwiązałeś tego quizu